Statistics for Game of Thrones: Houses of the Westerlands

Click here to take the quiz!

General Stats

  • This quiz has been taken 10 times
  • The average score is 29 of 57

Answer Stats

Answer% Correct
Lannister
100%
Lannister of Lannisport
100%
Banefort
83%
Brax
83%
Clegane
83%
Crakehall
83%
Kenning of Kayce
83%
Lefford
83%
Lydden
83%
Marbrand
83%
Prester
83%
Swyft
83%
Westerling
83%
Casterly
67%
Farman
67%
Greenfield
67%
Payne
67%
Reyne
67%
Sarsfield
67%
Serrett
67%
Estren
50%
Lorch
50%
Tarbeck
50%
Algood
33%
Bettley
33%
Broom
33%
Broome
33%
Clifton
33%
Doggett
33%
Drox
33%
Falwell
33%
Ferren
33%
Foote
33%
Garner
33%
Hamell
33%
Hawthorne
33%
Hetherspoon
33%
Jast
33%
Kyndall
33%
Lannett
33%
Lanny
33%
Lantell
33%
Moreland
33%
Myatt
33%
Parren
33%
Peckledon
33%
Plumm
33%
Ruttiger
33%
Spicer
33%
Stackspear
33%
Stilwood
33%
Turnberry
33%
Vikary
33%
Westford
33%
Yarwyck
33%
Yew
33%
Sarwyck
17%

Score Distribution

Percentile by Number Answered

Percent of People with Each Score

Your Score History

You have not taken this quiz